00754nam a2200229Ia 4500008004100000041001200041082001200053100004800065245004200113260003400155300000800189365000800197520001200205546001200217630004200229650001200271655001200283730004200295942000900337999001900346952015900365101110s9999 xx 000 0 und d aENGLISH bSR31599 aBhole K.G., Shroff Adarsha, Ranade Abhay J. aA new course in physics Vol. II FYBSc c2008bSheth publishers,Mumbai a125 b125 aPhysics aENGLISH aA new course in physics Vol. II FYBSc aPhysics aPhysics aA new course in physics Vol. II FYBSc cBOOK c824101d824098 00104070aDBJbDBJd0000-00-00eShri gajanan book depo,chiplun,bill no.107,dt.16/2/2009g125.00j0l0pDBJSR31599r2010-11-11 00:00:00w2010-11-11yBOOK